Wer bin Ich? Tiere - Statistiken

Allgemein
  • Dieses Quiz wurde 2.241 mal gespielt
  • Das Durchschnittsergebnis liegt bei 9 aus 10
Antwortstatistiken
Hint Antwort % Korrekt
Ich bin ein Säugetier, das fliegen kann. Ich lokalisiere mein Essen durch eine Ultraschal-Echoortung. Ich bin nachtaktiv. Ich schlafe kopfüber hängend. Fledermaus
99%
Ich bin das beliebteste Haustier der Welt. Mein Nasenabdruck ist das äquivalent zu einem menschlichen Fingerabdruck. Auf meiner Zunge befinden sich winzige Stacheln (Papillen) die mir helfen Speichel auf meinem Fell zu verteilen. Katze
99%
Ich bin das einzige Exemplar meiner Art, welches in Gruppen lebt. Ich bin ein gefährdetes Tier. Mein Gebrüll ist bis zu 8km weit zu hören. Ich schlafe bis zu 20 Stunden am Tag. Als Männchen habe ich eine prächtige Mähne. Ich werde auch König der Tiere genannt. Löwe
97%
Ich bin ein Allesfresser. Meine Schulterhöhe beträgt bis zu 1,60m. Meine Fettschicht ist 5-10cm dick und schützt mich vor Kälte. Ich habe keine natürlichen Feinde. Ich bin eins der Tiere, welches am stärksten vom Klimawandel bedroht ist. Meine Haut ist schwarz, mein Fell jedoch weiß. Ich bin Einzelgänger. Ich sehe den Menschen als Nahrung an. Eisbär
92%
Ich habe ein Sehfeld von 330°. Ich kann Gerüche im Umkreis bis zu 10km wahrnehmen. Ich trinke am Tag bis zu 100 Liter Wasser. Ich bin sehr sozial und bilde enge Beziehungen mit anderen meiner Art und kann sogar eine/n beste/n Freund/in haben. Ich bin ein Wiederkäuer. Ich werde bis zu 25 Jahren alt. Ich gelte in manchen Religionen und Kulturen als heilig. Meine Muttermilch wird oft gerne von menschen getrunken. Kuh/Rind
92%
Ich markiere mein Revier indem ich meinen Schwanz beim Kacken schnell hin und her schwinge und so meine Kacke meterweit verteile. Ich bin das gefährlichste Tier Afrikas. Man findet mich nicht mehr an dem Ort, nachdem ich benannt wurde. Ich wiege bis zu 4,5 Tonnen und laufe bis zu 30km/h schnell. Mein Maul ist 50cm breit. Ich bin kein guter Schwimmer obwohl ich sehr viel Zeit im Wasser verbringe. Nilpferd/Flusspferd/Hippopotamus
91%
Ich bin ein Säugetier aber lege Eier. Ich gebe Milch ab, indem ich sie ausschwitze. Ich leuchte unter UV-Licht grün. Wenn ich männlich bin besitze ich einen giftigen Stachel. Ich bin durch eine Kinderserie populär geworden, in der ich als Agent einen Bösewicht aufhalte. Schnabeltier
86%
Ich kann mir Gesichter merken. Ich kann mehr Farben sehen als Menschen. Ich esse absichtlich kleine Steinchen. Ich stamme von Dinosauriern ab. Die Farbe des Eis, das ich lege hängt von meinem Ohrläppchen ab. Als Männchen spiele ich gerne den Wecker für die Männchen. Huhn
80%
Meine Lebenserwartung liegt, wenn ich männlich bin bei 10 Tagen. Es gibt weltweit 3500 verschiedene Arten von mir. Bin ich ein Weibchen trinke ich Blut. Ich habe ungefähr 50 Zähne. Ich werde von Alkoholgeruch angezogen. Ich bin das tödlichste Tier der Welt. Moskito
78%
Ich halte beim Schlafen Händchen. Ich spiele gern mit Steinen und nutze sie als Werkzeuge. Ich hab das dickste Fell aller Säugetiere. Las Männchen nehme ich bei zu wenig Nahrung Jungen als Geisel und fordere von der Mutter Futter für die Freilassung. Ich kann bis zu 7min tauchen. Ich hasse Brücken und schwimme nicht gern darunter durch, stattdessen nehme ich einen Umweg um die Brücken herum. Otter
75%
Keine übereinstimmenden Quizze gefunden
Verteilung der Resultate
Anzahl Personen mit jedem Resultat
Perzentil nach korrekt beantworteten Fragen
Ihre Resultats-Entwicklung
Sie haben dieses Quiz noch nicht gespielt